Puteri Pantai Timur

Bibliographic Details
Main Author: Fatinilah Sari Ahamad
Other Authors: Mali Jaafar (Illustrator)
Format: Book
Published: Kuala Lumpur : Creative Enterprise , 1993
Series:Novel creative
Subjects:

MARC

LEADER 00000cam a2200000 7i4500
001 0000003565
002 000003836
005 20000330.0
020 |a 9838931039 
090 0 0 |a F   |b FAT 
100 0 |a Fatinilah Sari Ahamad 
245 1 0 |a Puteri Pantai Timur   |c Fatinilah Sari Ahamad 
260 |a Kuala Lumpur :   |b Creative Enterprise ,   |c 1993 
300 |a 159p. ;   |c 17cm. 
490 0 |a Novel creative 
650 0 0 |a General fiction, Malay 
700 0 |a Mali Jaafar ,   |e ill 
999 |a 031806   |b BUKU   |c YOUTH FICTION   |e PERPUSTAKAAN KOMUNITI PETALING JAYA 
999 |a 031807   |b BUKU   |c YOUTH FICTION   |e PERPUSTAKAAN KOMUNITI PETALING JAYA 
999 |a 031808   |b BUKU   |c YOUTH FICTION   |e PERPUSTAKAAN KOMUNITI PETALING JAYA 
999 |a 043394   |b BUKU   |c PINJAMAN   |e PERPUSTAKAAN KOMUNITI PETALING JAYA 
999 |a 044591   |b BUKU   |c PINJAMAN   |e PERPUSTAKAAN KOMUNITI CAW KOTA DAMANSARA 
999 |a 044592   |b BUKU   |c FICTION   |e PERPUSTAKAAN KOMUNITI CAW KOTA DAMANSARA